00461nam a2200145 a 4500020001500000040000800015082002600023245009100049260007600140300002100216650002800237650001800265650001600283650001600299 a9250030320 cDLC a613 FOO 1991 A046 Or.00aFAO food balance sheets :b1984-86 average = Bilans alimentaires : moyenne 1984-1986 / aRome :bFood and Agriculture Organization of the United Nations,c1991. a384 p. ;c30 cm. 0aFood industry and trade 0aProduce trade 0aFood supply 0aAgriculture